Logo BPK

Bibliografia Prac Pracowników

Politechniki Koszalińskiej

Badania laboratoryjne procesu degradacji celulozowych materiałów izolacyjnych / (Rekord nr 7589)

Szczegóły MARC
000 -ETYKIETA REKORDU
podpole kontrolne o stałej długości 01104naa a22002417a 4500
003 - IDENTYFIKATOR NUMERU KONTROLNEGO REKORDU
podpole kontrolne BPK
005 - DATA OSTATNIEJ MODYFIKACJI REKORDU
podpole kontrolne 20160401123810.0
008 - POLE O STAŁEJ DŁUGOŚCI - DANE KONTROLNE
podpole kontrolne o stałej długości 160311b1984 pl ||||| |||| 10| 0 pol
040 ## - ŹRÓDŁO KATALOGOWANIA
Instytucja, która utworzyła rekord BPK
080 ## - UNIWERSALNA KLASYFIKACJA DZIESIĘTNA - UKD
UKD 676.1
080 ## - UNIWERSALNA KLASYFIKACJA DZIESIĘTNA - UKD
UKD 621.315.6
100 ## - NAZWA OSOBOWA
Nazwa osobowa RESZKA, Janina.
Lata pracy 1971 - 1996.
Instytucja Wyższa Szkoła Inżynierska w Koszalinie - Wydział Mechaniczny,
Wydział Zakład Materiałoznawstwa i Obróbki Cieplnej
245 ## - TYTUŁ/ODPOWIEDZIALNOŚĆ
Tytuł Badania laboratoryjne procesu degradacji celulozowych materiałów izolacyjnych /
Pozostałe elementy strefy tytułu i oznaczenia odpowiedzialności Janina Reszka, Wiesław Skubała.
260 ## - STREFA ADRESU WYDAWNICZEGO
Data publikacji, dystrybucji/powstania dokumentu 1984.
500 ## - UWAGI OGÓLNE
Tekst uwagi Dane z kartoteki bpp.
650 ## - HASŁO PRZEDMIOTOWE W FORMIE NAZWY OGÓLNEJ LUB JEDNOSTKOWEJ
Nazwa ogólna lub geograficzna Celuloza.
650 #0 - HASŁO PRZEDMIOTOWE W FORMIE NAZWY OGÓLNEJ LUB JEDNOSTKOWEJ
Nazwa ogólna lub geograficzna Izolacje.
655 #0 - TERMIN INDEKSOWY - OKREŚLENIE RODZAJU/FORMY DOKUMENTU
Określnie rodzaju/formy dokumentu Materiały konferencyjne.
700 ## - HASŁO DODATKOWE - NAZWA OSOBOWA
Nazwa osobowa SKUBAŁA, Wiesław.
Lata pracy 1980 - 1995.
Instytucja Wyższa Szkoła Inżynierska w Koszalinie - Wydział Mechaniczny,
Wydział Zakład Elektrotechniki i Elektrochemii
711 ## - HASŁO DODATKOWE - NAZWA IMPREZY
Nazwa imprezy International Conference on Insulation Problems in Power
Data imprezy (1984 ;
Miejsce imprezy Łódź, Polska).
773 ## - TYTUŁ DOKUMENTU MACIERZYSTEGO
Wyrażenie wprowadzające W :
Tytuł International Conference on Insulation Problems in Power. Part II. -
Adres wydawniczy Łódź, 1984. -
Informacje dotyczące relacji s. 225-234
942 ## - HASŁO DODATKOWE - ELEMENTY(KOHA)
Typ dokumentu Artykuł
Schemat klasyfikacji Uniwersalna klasyfikacja dziesiętna

Brak dostępnych egzemplarzy.

© 2014 Biblioteka Politechniki Koszalińskiej :: BIBLIOGRAFIA PRAC PRACOWNIKÓW